Football by Letter - I - Statistics

General Stats
  • This quiz has been taken 79 times
  • The average score is 12 of 15
Answer Stats
Hint Answer % Correct
Italian club based in Milan - last won the Scudetto in 2021, and also plays in San Siro (of course) {Inter} Milan
100%
Croatian winger who has played in a beach volleyball tournament and has won the Champions League during his loan in Munich {Ivan} Perišić
96%
Spanish footballer who played in Barcelona from 2002 to 2018 before moving to Vissel Kobe Andrés {Iniesta}
94%
Four-time World Cup winner yet failed to qualify for the last two World Cup (and got knocked out in group stage in 2010 and 2014 wayyy) Italy
94%
English former striker who played for Arsenal and Crystal Palace, now working as a pundit for BBC's Match of the Day {Ian} Wright
93%
The Turkish city where Başakşehir, Ümraniyespor and Kasımpaşa are based in İstanbul
92%
Former Spanish goalkeeper who played in Real Madrid for 16 years before transferring to Porto in 2015 {Iker} Casillas
90%
Roy Keane, Denis Irwin and Robby Keane are some famous footballers from this country (Drogba...?) Ireland
90%
English League One club based in a Suffolk city, and they have won the UEFA Cup (old Europa League) in 1981 {Ipswich} Town
87%
The Scandinavian COUNTRY which has the lowest ranking among the five(For anyone who ask, Faroe Islands is lower but...) Iceland
85%
Spanish striker who used to play for Liverpool, now playing for Celta Vigo {Iago} Aspas
82%
Asian country which is part of UEFA (Europe)(why?) Israel
77%
Serbian centre back who played for Chelsea for 9 seasons and won the Premier League alongside John Terry, Didier Drogba and Frank Lampard Branislav {Ivanović}
69%
President of FIFA, famously said 'Today, I feel... disabled'. Gianni {Infantino}
65%
The summer competition of European club that was abolished in 2008 UEFA {Intertoto} Cup
28%
No matching quizzes found
Score Distribution
Percent of People with Each Score
Percentile by Number Answered
Your Score History
You have not taken this quiz